000 00340 a2200109 4500
001 ART_5880
005 20260410161618.0
008 260409a
245 1 0 _aIntroducción a la Ley 26.268 que reforma el Código Penal y la Ley "Antilavado"
100 1 _aOklander, Juan
773 0 _tEnfoques
_g- Nº 8 (ago. 2007)
_wREV416
999 _c11263
_d11263